Stopover with the Shortest Distance Travelled - Statistics

General Stats
  • This quiz has been taken 103 times
  • The average score is 3 of 10
Answer Stats
Question Answer % Correct
Casablanca - Cape Town Cairo-Johannesburg
77%
Doha - Dubai Muscat
62%
Honolulu - Boston San Francisco
38%
Moscow - Addis Ababa Cairo
23%
Lagos - Guangzhou Cairo
23%
Singapore - Toronto Hong Kong
23%
Mumbai - New York Amsterdam
8%
Tokyo - São Paulo Atlanta
8%
Dublin - Auckland San Francisco
8%
London - Sydney Hong Kong
0%
No matching quizzes found
Score Distribution
Percent of People with Each Score
Percentile by Number Answered
Your Score History
You have not taken this quiz